书目信息 |
| 题名: |
如何将财富装进自己的口袋
|
|
| 作者: | 林凌一 编著 | |
| 分册: | ||
| 出版信息: | 北京 中国纺织出版社 2005 |
|
| 页数: | 358页 | |
| 开本: | 21cm | |
| 丛书名: | ||
| 单 册: | ||
| 中图分类: | F063.4 | |
| 科图分类: | ||
| 主题词: | 商业经营--通俗读物 , 商业经营 , 经济学--分支科学 | |
| 电子资源: | ||
| ISBN: | 7-5064-3129-7 | |
| 000 | 00847nam0 2200253 450 | |
| 001 | 1261069890 | |
| 005 | 20150128102114.09 | |
| 010 | @a7-5064-3129-7@dCNY24.80 | |
| 100 | @a20041221d2005 em y0chiy50 ea | |
| 101 | 0 | @achi |
| 102 | @aCN@b110000 | |
| 105 | @ay z 000yd | |
| 200 | 1 | @a如何将财富装进自己的口袋@Aru he jiang cai fu zhuang jin zi ji de kou dai@e人生处处是机会@f林凌一编著 |
| 210 | @a北京@c中国纺织出版社@d2005 | |
| 215 | @a358页@d21cm | |
| 330 | @a本书共分十五章。通过大量的事例分析,展示了“将财富装进自己的口袋”这个系统工程中应该注意的方方面面。 | |
| 517 | 1 | @a人生处处是机会@Aren sheng chu chu shi ji hui |
| 606 | 0 | @a商业经营@j通俗读物 |
| 606 | 0 | @a商业经营 |
| 606 | 0 | @a经济学@x分支科学 |
| 690 | @aF063.4@v4 | |
| 701 | 0 | @a林凌一@Alin ling yi@4编著 |
| 801 | 0 | @aCN@bTSSF@c20150128 |
| 905 | @aZUCC@dF063.4@eJY118 | |
| 如何将财富装进自己的口袋:人生处处是机会/林凌一编著.-北京:中国纺织出版社,2005 |
| 358页;21cm |
| ISBN 7-5064-3129-7:CNY24.80 |
| 本书共分十五章。通过大量的事例分析,展示了“将财富装进自己的口袋”这个系统工程中应该注意的方方面面。 |
| ● |
| 相关链接 |
|
|
|
|
正题名:如何将财富装进自己的口袋
索取号:F063.4/JY118
 
预约/预借
| 序号 | 登录号 | 条形码 | 馆藏地/架位号 | 状态 | 备注 |
| 1 | 7813349 | 278133495 | 学院路分馆/ [索取号:F063.4/JY118] | 在馆 | |
| 2 | 7813350 | 278133501 | 学院路分馆/ [索取号:F063.4/JY118] | 在馆 | |
| 3 | 7813351 | 278133510 | 学院路分馆/ [索取号:F063.4/JY118] | 在馆 | |
| 4 | 7840007 | 278400071 | 学院路分馆/ [索取号:F063.4/JY118] | 在馆 |